Statistics for Rock & Pop Music: 1995 - 2005 Albums

Click here to take the quiz!

General Stats

  • This quiz has been taken 98 times
  • The average score is 18 of 55

Answer Stats

YearAlbumArtist/Band% Correct
2004American IdiotGreen Day
91%
1999CalifornicationRed Hot Chili Peppers
91%
1999...Baby One More TimeBritney Spears
83%
1995Jagged Little PillAlanis Morissette
72%
1995(What's the Story) Morning Glory?Oasis
72%
1996SpiceSpice Girls
69%
2000Kid ARadiohead
62%
1995Mellon Collie and the Infinite SadnessSmashing Pumpkins
57%
2000Hybrid TheoryLinkin Park
54%
2001SurvivorDestiny's Child
48%
2004How To Dismantle An Atomic BombU2
48%
2002A Rush of Blood to the HeadColdplay
46%
2005Late RegistrationKanye West
45%
2003Get Rich Or Die Tryin'50 Cent
44%
2003Dangerously in LoveBeyoncé
44%
1996LoadMetallica
44%
1997Urban HymnsVerve
43%
1997The Colour and the ShapeFoo Fighters
40%
1999Enema of the StateBlink-182
39%
2004Hot FussKillers
39%
2003ElephantWhite Stripes
37%
1995Different ClassPulp
36%
1996OdelayBeck
34%
2000StankoniaOutkast
33%
2001Is This ItStrokes
32%
199913Blur
31%
2002Songs About JaneMaroon 5
29%
2002Come Away with MeNorah Jones
25%
1998AmericanaOffspring
25%
1998MezzanineMassive Attack
24%
2004FuneralArcade Fire
23%
1998You've Come A Long Way BabyFatboy Slim
22%
2002American IV: The Man Comes AroundJohnny Cash
22%
1999PlayMoby
22%
1997AquariumAqua
21%
2001DiscoveryDaft Punk
18%
2004R&G (Rhythm & Gangsta): The MasterpieceSnoop Dogg
18%
2003FallenEvanescence
17%
1995King for a Day, Fool for a LifetimeFaith No More
17%
1996One Fierce Beer CoasterBloodhound Gang
16%
2005Back to BedlamJames Blunt
16%
2003Permission to LandDarkness
15%
2005Aha Shake HeartbreakKings of Leon
15%
1998This Is My Truth Tell Me YoursManic Street Preachers
15%
2001Laundry ServiceShakira
15%
2005Make BelieveWeezer
14%
1996To the Faithful DepartedCranberries
9%
2002HeathenDavid Bowie
9%
2001ExciterDepeche Mode
9%
1998Gran TurismoCardigans
8%
2000The WWu-Tang Clan
8%
1997Dig Your Own HoleChemical Brothers
7%
2000The Sophtware SlumpGrandaddy
7%
2005You Could Have It So Much BetterFranz Ferdinand
6%
1997EV3En Vogue
5%

Score Distribution

Percentile by Number Answered

Percent of People with Each Score

Your Score History

You have not taken this quiz